000 01037nam0a22002771 4500
001 rc\3628638
005 20130115144704.8
021 _aRU
_b69-103301
021 _aRU
_bРг4345-70
035 _a(NLR Aleph) 007722109
090 _a6962913
_c6962913
100 _a20130115d1969 |||y0rusy50 ca
101 0 _arus
102 _aRU
105 _ay z |||||
200 1 _aУпражнения по фонетике
_e(Пособие по рус. яз. для занятий с иностранцами)
_fСост. М.М. Медведев
_gПод ред. канд. филол. наук Р.С. Сурмониной
_gМ-во просвещения РСФСР. Отд. междунар. связей
210 _aМосква
_cБ. и.
_d1969
215 _a49 с.
_d20
309 _aОтпеч. множит. аппаратом
700 1 _aМедведев
_bМ. М.
_4220
702 1 _aСурмонина
_bР. С.
_4340
801 0 _aRU
_bNLR
_gpsbo
801 1 _aRU
_bELAR
_2rusmarc
852 _aNLR
_j70-4/623
942 _cBOOK
980 _aNB